000 00708nam a2200241 a 4500
001 000015205
003 DO-SdBNP
005 20240412074242.0
007 ta
008 100203s2009 dr 000 p spa d
020 _a9789945420678
040 _aDO-SdBNP
_bspa
_cBNPHU
082 _aRD861.44
_bS237de
_222
100 1 _aSantos, Yrene
_926465
245 1 0 _aDespués de la lluvia /
_cYrene Santos.
260 _aSan Francisco de Macorís :
_bÁngeles de Fierro :
_bNacional,
_c2009.
300 _a76 p. ;
_c19 cm.
590 _aInventariado, 2019 / DG
650 0 _aPoesía dominicana
_966
650 0 _aLiteratura dominicana.
_967
910 _aValidado. Control de calidad MMOLINA
942 _2ddc
_cLBS1
999 _c14776
_d14776